|
|
|
|
| LEADER |
00000nam a2200000 i 4500 |
| 001 |
1/70220 |
| 008 |
990224s1996 gre d |
| 020 |
|
|
|a 960-325-176-3
|
| 035 |
|
|
|l 10048044
|
| 040 |
|
|
|a GR-MY-UA
|b gre
|e aacr
|
| 041 |
0 |
|
|a gre
|
| 082 |
0 |
|
|a 889.14
|
| 100 |
1 |
|
|a Φιλίππου, Φίλιππος
|d 1948-
|
| 245 |
1 |
2 |
|a Ο πολιτικός Νίκος Καββαδίας /
|c Φίλιππος Φιλίππου
|
| 260 |
|
|
|a Αθήνα :
|b Αγρα,
|c 1996
|
| 300 |
|
|
|a 191 σ.
|
| 600 |
1 |
0 |
|a Καββαδίας, Νίκος,
|d 1910-1975.
|
| 650 |
0 |
0 |
|a Greek poetry, Modern
|y 20th century.
|
| 650 |
0 |
0 |
|a Poets, Greek (Modern)
|
| 852 |
|
|
|a INST
|b RHODES
|e 19990224
|h 889.14 ΦΙΛ
|p 005400015681
|q 005400015681
|t BK
|y 0
|
| 901 |
|
|
|a BIBL-1999-1
|
| 909 |
|
|
|a Ρ
|b 053745
|c 1998
|
| 922 |
|
|
|a 4ΕΛΗ
|b 199802
|c ΚΠΣ/Ν
|
| 970 |
|
|
|z 2000/06/ΟΙΚΟΝΟΜΟΠΟΥΛΟΥ (SUBJECT)
|